000 00694nam a2200217 u 4500
005 20210223130519.0
008 080613s2001 es r 000 0 spa d
020 _a847864430X
035 _aUPN01000156919
049 _aI
050 4 _aPZ76.3
_bA4.5
100 1 _aAlcántara, Ricardo,
_d1946-
_930578
245 1 0 _aMecachis, ¡quiero ser grande! /
_cRicardo Alcántara, Emilio Urberuaga.
260 _aBarcelona, Esp. :
_bCombel,
_c2001.
300 _a22 p. :
_bil. col.
440 0 _aCaballo alado.
_pAl trote
650 4 _aCUENTOS INFANTILES URUGUAYOS
_911547
650 4 _aLEONES -
_vCUENTOS Y LEYENDAS
_910311
700 1 _aUrberuaga, Emilio,
_d1954-
_ecoaut.
_931015
905 _aInfantil
999 _c129033
_d129033